000 00691nam a2200253 i 4500
001 C2-0132588
003 PPAK
005 20180727123027.0
008 971019s1992 enka|||| ||||| | eng d
020 _a0862729661
040 _aPPAK
_beng
_cPPAK
_erda
082 0 4 _a423
_223
090 0 0 _a423
_bBEL
_dRK
100 1 _aBellamy, John,
_eauthor
245 1 0 _aChildren's illustrated thesaurus
264 1 _aLondon :
_bKingfisher Books ,
_c1992
300 _a198 pages :
_billustrations ;
_c24 cm
336 _2rdacontent
_atext
337 _2rdamedia
_aunmediated
338 _2rdacarrier
_avolume
490 1 _aKingfisher Reference
830 0 _aKingfisher Reference
942 _ddc
_cB
999 _c41552
_d41552